000 01065nam a2200277 a 4500
003 DO-SdBNP
005 20250623111038.0
007 ta
008 220201e2019 dr abd|er|||| 001 0dspa d
020 _a9789945906783
040 _aDO-SdBNP
_bspa
_cBNPHU
082 4 _222
_bM425r
100 1 _974729
_aMateo, Víctor
245 1 0 _aRealidad sociopolítica dominicana y reflexiones diversas /
_cVíctor Mateo; Prólogo, Reinaldo Pared Pérez
260 _aSanto Domingo :
_bOcéano Azul Ediciones,
_c2019.
300 _a270 p. :
_bil. graf., mapas ;
_c26 cm.
500 _aIncluye datos biográficos del autor en las solapas de las portadas.
590 _aInventariado 2022 / MF
650 4 _979592
_aPolíticas públicas
_zRepública Dominicana
650 4 _965467
_aRepública Dominicana
_xPolítica Social
_y1961-
650 4 _919689
_aRepública Dominicana
_xCondiciones Sociales
_xCambio Político
650 4 _943436
_aPartidos Políticos
_xDerecho y Legislación
700 _950599
_aPared Pérez, Reinaldo
_epról.
910 _aMFeliz
942 _2ddc
_cLBS1
999 _c51295
_d51295